000
00333nam a2200133Ia 4500
005
20251222141951.0
008
251222s9999||||xx |||||||||||||| ||spa||
020
_a
987-100-450-8
082
_a
370.19/M17
100
_a
Maimone, María del Carmen
245
0
_a
Didáctica e Identidades Culturales:
264
_b
Crujía
942
_c
LIB
999
_c
9700
_d
9700